Train to Pakistan / (Record no. 522740)
[ view plain ]
| 000 -LEADER | |
|---|---|
| fixed length control field | 01331cam a22003737a 4500 |
| 001 - CONTROL NUMBER | |
| control field | 14546229 |
| 003 - CONTROL NUMBER IDENTIFIER | |
| control field | NUST |
| 005 - DATE AND TIME OF LATEST TRANSACTION | |
| control field | 20190104094119.0 |
| 008 - FIXED-LENGTH DATA ELEMENTS--GENERAL INFORMATION | |
| fixed length control field | 060911s2006 ii a 000 1 eng |
| 010 ## - LIBRARY OF CONGRESS CONTROL NUMBER | |
| LC control number | 2006541154 |
| 020 ## - INTERNATIONAL STANDARD BOOK NUMBER | |
| International Standard Book Number | 8174364447 |
| 025 ## - OVERSEAS ACQUISITION NUMBER | |
| Overseas acquisition number | I-E-2006-541154; 27 |
| 037 ## - SOURCE OF ACQUISITION | |
| Source of stock number/acquisition | Library of Congress -- New Delhi Overseas Office |
| Terms of availability | Rs495.00 |
| 038 ## - RECORD CONTENT LICENSOR | |
| Staff Name | waseem |
| 040 ## - CATALOGING SOURCE | |
| Original cataloging agency | DLC |
| Transcribing agency | DLC |
| Modifying agency | DLC |
| 042 ## - AUTHENTICATION CODE | |
| Authentication code | lcode |
| 043 ## - GEOGRAPHIC AREA CODE | |
| Geographic area code | a-ii--- |
| -- | a-pk--- |
| 050 00 - LIBRARY OF CONGRESS CALL NUMBER | |
| Classification number | MLCS 2006/01358 (P) |
| -- | PR9499.3.S53 |
| 082 ## - DEWEY DECIMAL CLASSIFICATION NUMBER | |
| Classification number | 954.904 |
| Author Mark | SIN |
| 100 0# - MAIN ENTRY--PERSONAL NAME | |
| Personal name | Khushwant Singh, |
| Dates associated with a name | 1915-2014. |
| 9 (RLIN) | 12976 |
| 240 10 - UNIFORM TITLE | |
| Uniform title | Mano Majra |
| 245 10 - TITLE STATEMENT | |
| Title | Train to Pakistan / |
| Statement of responsibility, etc. | Khushwant Singh ; photographs, Margaret Bourke-White ; concept, research & editing, Pramod Kapoor. |
| 260 ## - PUBLICATION, DISTRIBUTION, ETC. | |
| Place of publication, distribution, etc. | New Delhi : |
| Name of publisher, distributor, etc. | Time Books International, |
| Date of publication, distribution, etc. | 1981. |
| 300 ## - PHYSICAL DESCRIPTION | |
| Extent | 181 p. ; |
| 500 ## - GENERAL NOTE | |
| General note | Novel. |
| 651 #0 - SUBJECT ADDED ENTRY--GEOGRAPHIC NAME | |
| Geographic name | India |
| General subdivision | History |
| Chronological subdivision | Partition, 1947 |
| Form subdivision | Fiction. |
| 9 (RLIN) | 12977 |
| 651 #0 - SUBJECT ADDED ENTRY--GEOGRAPHIC NAME | |
| Geographic name | India |
| General subdivision | History |
| Chronological subdivision | Partition, 1947 |
| Form subdivision | Pictorial works. |
| 9 (RLIN) | 12978 |
| 700 1# - ADDED ENTRY--PERSONAL NAME | |
| Personal name | Bourke-White, Margaret, |
| Dates associated with a name | 1904-1971. |
| 9 (RLIN) | 12979 |
| 700 1# - ADDED ENTRY--PERSONAL NAME | |
| Personal name | Kapoor, Pramod. |
| 9 (RLIN) | 12980 |
| 856 42 - ELECTRONIC LOCATION AND ACCESS | |
| Materials specified | Contributor biographical information |
| Uniform Resource Identifier | <a href="http://www.loc.gov/catdir/enhancements/fy0913/2006541154-b.html">http://www.loc.gov/catdir/enhancements/fy0913/2006541154-b.html</a> |
| 906 ## - LOCAL DATA ELEMENT F, LDF (RLIN) | |
| a | 7 |
| b | cbc |
| c | origode |
| d | 4 |
| e | ncip |
| f | 20 |
| g | y-gencatlg |
| 942 ## - ADDED ENTRY ELEMENTS (KOHA) | |
| Source of classification or shelving scheme | |
| Koha item type | Book |
| Withdrawn status | Lost status | Source of classification or shelving scheme | Damaged status | Not for loan | Collection code | Permanent Location | Current Location | Shelving location | Date acquired | Source of acquisition | Total Checkouts | Total Renewals | Full call number | Barcode | Date last seen | Date last checked out | Price effective from | Koha item type |
|---|---|---|---|---|---|---|---|---|---|---|---|---|---|---|---|---|---|---|
| Central Library (CL) | Central Library (CL) | Book Cart | 01/04/2019 | Donation | 6 | 6 | 954.904 SIN | CL-D-265 | 04/17/2025 | 11/20/2024 | 01/04/2019 | Book |
